A grammar of the Arabic language /
Main Author:
Other Authors: , ,
Format: Book
Language: Arabic
Published:
Beirut :
Librairie du Liban,
[1896]
Edition: 3rd ed. /
Subjects:
Tags: Add Tag
Call Number: PJ6305 .C5 1962
| LEADER | 01097cam a2200265Ma 4500 | ||
|---|---|---|---|
| 001 | on1027219314 | ||
| 003 | OCoLC | ||
| 005 | 20240207130254.0 | ||
| 008 | 950626s1896 le 001 0 ara | ||
| 050 | 4 | |a PJ6305 |b .C5 1962 | |
| 100 | 1 | |a Caspari, C. P. |q (Carl Paul), |d 1814-1892, |e author. | |
| 240 | 1 | 0 | |a Grammatica Arabica. |l English |
| 245 | 1 | 0 | |a A grammar of the Arabic language / |c translated from the German of Caspari, and edited with numerous additions and corrections by W. Wright. |
| 250 | |a 3rd ed. / |b revised by W. Robertson Smith and M. J. de Goeje. | ||
| 264 | 1 | |a Beirut : |b Librairie du Liban, |c [1896] | |
| 300 | |a 2 volumes in 1 (xviii, 317 ; xiv, 450 pages) ; |c 23 cm. | ||
| 336 | |a text |b txt |2 rdacontent | ||
| 337 | |a unmediated |b n |2 rdamedia | ||
| 338 | |a volume |b nc |2 rdacarrier | ||
| 500 | |a Translation of Grammatica Arabica. | ||
| 650 | 0 | |a Arabic language |x Grammar. | |
| 700 | 1 | |a Wright, William, |d 1830-1889, |e editor. | |
| 700 | 1 | |a Smith, W. Robertson |q (William Robertson), |d 1846-1894, |e editor. | |
| 700 | 1 | |a Goeje, M. J. de |q (Michael Jan de), |d 1836-1909, |e editor. | |
| 999 | |c 56680 |d 56680 | ||
